Most Populated African Countries in 2050 - Statistics

General Stats
  • This quiz has been taken 77 times
  • The average score is 9 of 10
Answer Stats
Pop. Country % Correct
374.7 m Nigeria
100%
159.6 m Egypt
99%
213.2 m Ethiopia
99%
73.4 m South Africa
97%
215.1 m D.R. Congo
96%
83.8 m Sudan
93%
84.7 m Kenya
91%
128.7 m Tanzania
91%
71.6 m Angola
86%
86.9 m Uganda
86%
No matching quizzes found
Score Distribution
Percent of People with Each Score
Percentile by Number Answered
Your Score History
You have not taken this quiz